| 000 | 01374nam a2200265Ia 4500 | ||
|---|---|---|---|
| 003 | Ost | ||
| 005 | 20260507074942.0 | ||
| 008 | 260507s9999||||xx |||||||||||||| ||und|| | ||
| 020 | _a9957114099 | ||
| 040 | _cfsecg | ||
| 041 | _aara | ||
| 082 | _a519.5 | ||
| 100 |
_aالهيتي، صلاح الدين حسين _eمؤلف |
||
| 245 | 0 |
_aالاساليب الاحصائية في العلوم الادارية : _bتطبيقات باستخدام SPSS / _c صلاح الدين حسين الهيتي |
|
| 250 | _aطبعة 2 | ||
| 260 |
_aعمان: _bدار وائل للطباعة و النشر, _c2006 |
||
| 300 |
_a555 صفحة؛ _bإيضاحات ؛ _c24 سم |
||
| 504 | _aبيبليوغرافيا ص.500 ملاحق ص. 501 | ||
| 520 | _aيعالج هذا الكتاب:طبيعة ومفهوم الإحصاء،تبويب وعرض البيانات،مقاييس النزعة المركزية،مقاييس التشتت،نظرية الإحتمالات،التوزيعات الإحتمالية،المعاينة الإحصائية،إختبار الفرضيات،تطبيقات بإستخدام برنامجspss،الإنحدار،الأرقام القياسية. | ||
| 653 | _aاحصاء وصفي | ||
| 653 | _aالإدارة--أساليب إحصائية | ||
| 653 | _aالطرق الإحصائية | ||
| 653 | _aبرامج الحاسوب | ||
| 942 | _cكتاب | ||
| 999 |
_c41936 _d41936 |
||